| 000 | 01042nam a22002057a 4500 | ||
|---|---|---|---|
| 999 |
_c22119 _d22119 |
||
| 003 | AR-CdUCM | ||
| 008 | 190429b ||||| |||| 00| 0 spa d | ||
| 040 |
_aMUNICIPALIDAD PROVINCIAL DEL CUSCO _cBIBLIOTECA MUNICIPAL DEL CUSCO |
||
| 082 | _aProcultura/N°10/2003 | ||
| 245 |
_aRevista Pro cultura / _cSociedad Pro-Cultura Clorinda Matto de Turner |
||
| 260 |
_aCusco. _bPantigozo, _c2003. |
||
| 300 |
_a115 páginas. : _bilustraciones ; _c30 cm. |
||
| 440 |
_aRevista Pro cultura. _nN°10, diciembre 2003. _947479 |
||
| 505 | _aContenido: Sociedad Pro cultura Clorinda Matto de Turner 75 años al servicio del Cusco. -- Homenaje por las bodas de diamante institucionales. -- Desarrollo de actividades institucionales en el bienio 2002-2003. -- A propósito de Clorinda Matto de Turner. --Espacio poético y de reflexión. -- Miscelánea de foto. | ||
| 650 |
_aHistoria institucional _947480 |
||
| 650 |
_aClorinda Matto deTurner _947481 |
||
| 710 |
_aSociedad Pro Cultura Clorinda Matto de Turner _929944 |
||
| 942 |
_2ddc _cPP |
||
| 945 | _arac | ||